|
|
|
|
| LEADER |
02353nam a2200493 i 4500 |
| 001 |
EBC4191086 |
| 003 |
MiAaPQ |
| 005 |
20200917021826.0 |
| 006 |
m o d | |
| 007 |
cr cnu|||||||| |
| 008 |
160126t20162016gw ob 001 0 ger d |
| 020 |
|
|
|z 9783110411263
|
| 020 |
|
|
|a 9783110379891 (e-book)
|
| 020 |
|
|
|z 9783110411287 (EPUB)
|
| 035 |
|
|
|a (MiAaPQ)EBC4191086
|
| 035 |
|
|
|a (Au-PeEL)EBL4191086
|
| 035 |
|
|
|a (CaPaEBR)ebr11135617
|
| 035 |
|
|
|a (CaONFJC)MIL881752
|
| 035 |
|
|
|a (OCoLC)935250055
|
| 040 |
|
|
|a MiAaPQ
|b eng
|e rda
|e pn
|c MiAaPQ
|d MiAaPQ
|
| 050 |
|
4 |
|a HM753
|b .I346 2016
|
| 082 |
0 |
|
|a 302.4
|2 23
|
| 245 |
0 |
0 |
|a Identitaten im prozess :
|b region, nation, staat, individuum /
|c herausgegeben von Anna Margaretha Horatschek und Anja Pistor-Hatam ; unter Mitarbeit von Gabriele Clemens, Silke Gottsch-Elten und Ulrike Jekutsch.
|
| 264 |
|
1 |
|a Berlin, [Germany] ;
|a Boston, [Massachusetts] :
|b De Gruyter Akademie Forschung,
|c 2016.
|
| 264 |
|
4 |
|c 2016
|
| 300 |
|
|
|a 1 online resource (254 pages).
|
| 336 |
|
|
|a text
|2 rdacontent
|
| 337 |
|
|
|a computer
|2 rdamedia
|
| 338 |
|
|
|a online resource
|2 rdacarrier
|
| 490 |
1 |
|
|a Abhandlungen der Akademie der Wissenschaften in Hamburg,
|x 2193-1933 ;
|v Band 6
|
| 504 |
|
|
|a Includes bibliographical references and index.
|
| 588 |
|
|
|a Description based on online resource; title from PDF title page (ebrary, viewed January 25, 2016).
|
| 590 |
|
|
|a Electronic reproduction. Ann Arbor, MI : ProQuest, 2016. Available via World Wide Web. Access may be limited to ProQuest affiliated libraries.
|
| 650 |
|
0 |
|a Group identity.
|
| 655 |
|
4 |
|a Electronic books.
|
| 700 |
1 |
|
|a Horatschek, Anna-Margaretha,
|e editor.
|
| 700 |
1 |
|
|a Pistor-Hatam, Anja,
|e editor.
|
| 700 |
1 |
|
|a Clemens, Gabriele,
|e contributor.
|
| 700 |
1 |
|
|a Gottsch-Elten, Silke,
|e contributor.
|
| 700 |
1 |
|
|a Jekutsch, Ulrike,
|e contributor.
|
| 776 |
0 |
8 |
|i Print version:
|t Identitaten im prozess : region, nation, staat, individuum.
|d Berlin, [Germany] ; Boston, [Massachusetts] : De Gruyter Akademie Forschung, c2016
|h x, 244 pages
|k Abhandlungen der Akademie der Wissenschaften in Hamburg ; Band 6.
|z 9783110411263
|
| 797 |
2 |
|
|a ProQuest (Firm)
|
| 830 |
|
0 |
|a Abhandlungen der Akademie der Wissenschaften in Hamburg ;
|v Band 6.
|
| 856 |
4 |
0 |
|u https://ebookcentral.proquest.com/lib/matrademy/detail.action?docID=4191086
|z Click to View
|